In Depth : (Record no. 364503)
[ view plain ]
| 000 -LEADER | |
|---|---|
| fixed length control field | 00583nam a2200133Ia 4500 |
| 008 - FIXED-LENGTH DATA ELEMENTS--GENERAL INFORMATION | |
| fixed length control field | 200925s9999 xx 000 0 und d |
| 020 ## - INTERNATIONAL STANDARD BOOK NUMBER | |
| International Standard Book Number | 978-971-9654-92-6 |
| 100 ## - MAIN ENTRY--PERSONAL NAME | |
| Personal name | Agustin-Acierto, Marife |
| 245 ## - TITLE STATEMENT | |
| Statement of responsibility, etc | Marife Agustin-Acierto, William Barja Baltazar, Heidi Rojas-Maneclang, Joseph Mercado, Bonifacio Exconde Umaclap.-- |
| Title | In Depth : |
| Remainder of title | A Guide to successful Business planning / |
| 260 ## - PUBLICATION, DISTRIBUTION, ETC. (IMPRINT) | |
| Place of publication, distribution, etc | Manila : |
| Name of publisher, distributor, etc | Unlimited Books Library Services & Publishing Inc. |
| Date of publication, distribution, etc | 2017 |
| 300 ## - PHYSICAL DESCRIPTION | |
| Extent | xii , 250 pages : |
| Other physical details | illustrations ; |
| Dimensions | 25 cm. |
| 650 ## - SUBJECT ADDED ENTRY--TOPICAL TERM | |
| Topical term or geographic name as entry element | business management |
| 650 ## - SUBJECT ADDED ENTRY--TOPICAL TERM | |
| Topical term or geographic name as entry element | Industrial policy |
| Withdrawn status | Lost status | Damaged status | Home library | Current library | Shelving location | Date acquired | Source of acquisition | Total Checkouts | Full call number | Barcode | Date last seen | Price effective from | Koha item type |
|---|---|---|---|---|---|---|---|---|---|---|---|---|---|
| College Library | College Library | Filipiniana Section | 09/25/2020 | Library Fund | HD 2785 .Ag284 2017 | C22612 | 09/25/2020 | 09/25/2020 | Books |